00682nam a22001697a 4500020001800000082001400018100002200032245005700054260004700111300001300158650003200171700002200203942000700225999001700232952014900249952011400398 a9780199064779 a954.92046 a Bose, Sarmila aDead reckoning : memories of the 1971 Bangladesh War aNew York ;bOxford University Press,c2011 a239 p. : aRevolution--War and society a Bose, Sarmila cBK c11509d11509 001040708NFICaCLbCLcGENd2013-01-07eAllied Book Companyg536.50l2m1o954.92046 BOSpSEECS011840r2020-10-19s2019-07-13w2013-01-11yBK 00102ddc4070aCLbCLcGENd2020-08-24eDonationl0m1o954.92046 BOSpCL-D-951r2022-02-11w2020-08-24yBK